|
|
|
|
| LEADER |
01270nam a2200277 a 4500 |
| 001 |
26928 |
| 003 |
BD-DhAAL |
| 008 |
130425s2008 bg a b 000 0 eng d |
| 999 |
|
|
|c 13397
|d 13397
|
| 010 |
|
|
|a 2009311085
|
| 020 |
|
|
|a 9847022000257
|
| 040 |
|
|
|a DLC
|c DLC
|d DLC
|d BD-DhAAL
|
| 082 |
0 |
0 |
|a 339.5095492
|2 22
|
| 245 |
0 |
0 |
|a Emerging issues in Bangladesh economy :
|b a review of Bangladesh's development, 2005-06.
|
| 260 |
|
|
|a Dhaka :
|b Centre for Policy Dialogue ;
|b University Press,
|c 2008.
|
| 300 |
|
|
|a xxxii, 417 pages :
|b illustrations ;
|c 24 cm.
|
| 504 |
|
|
|a Includes bibliographical references.
|
| 541 |
1 |
|
|a Donated By Akbar Ali Khan
|e 26928, 38723
|
| 650 |
|
|
|a Economics.
|9 49052
|
| 651 |
|
0 |
|a Bangladesh
|x Economic policy.
|9 49053
|
| 651 |
|
0 |
|a Bangladesh
|x Economic conditions.
|9 49054
|
| 710 |
2 |
|
|a Centre for Policy Dialogue (Bangladesh)
|9 49055
|
| 852 |
1 |
|
|a Ayesha Abed Library
|c General Stacks
|
| 942 |
|
|
|2 ddc
|c BK
|
| 952 |
|
|
|0 0
|1 0
|2 ddc
|4 0
|6 339_509549200000000_EME
|7 0
|9 22333
|a IGS
|b IGS
|c GEN
|d 2012-04-22
|e Prothoma
|g 740.00
|l 0
|o 339.5095492 EME
|p 3010026928
|r 2013-05-12
|t 1
|w 2012-04-22
|y BK
|
| 952 |
|
|
|0 0
|1 0
|2 ddc
|4 0
|6 339_509549200000000_EME
|7 1
|9 70835
|a BRACUL
|b BRACUL
|c AAKC
|d 2022-06-07
|e Donated by Akbar Ali Khan
|l 0
|o 339.5095492 EME
|p 3010038723
|r 2025-08-24
|t 2
|w 2022-06-07
|y BK
|